| 000 | 00405nam a2200097Ia 4500 | ||
|---|---|---|---|
| 008 | 180130s9999 xx 000 0 und d | ||
| 245 |
_cMunteanu, Victor Ion; Sandru, Calin; Petcu, Dana _aMulti-cloud resource management: cloud service interfacing |
||
| 260 | _c2016 | ||
| 300 | _aBook title: Networking, models and methods of cloud computing--Acession number C20732; pages 115-137 | ||
| 650 | _aCLOUD COMPUTING | ||
| 999 |
_c353799 _d353799 |
||